000 00503nam a22001937a 4500
003 WOrldcat
005 20260121155756.0
008 130216t xxu||||| |||| 00| 0 eng d
020 _a8188697230
050 _aPG 3456
_b.C514 2004
082 _aM 891.723
_bC41 2004
245 _aGreat works of Anton Chekhov
_cChekhov, Anton
260 _aShahdara :
_bBlack Rose Publications,
_cc19_.
300 _a687 p.
_c22 cm.
526 _c1210L-1700L
562 _e1
942 _2lcc
_cBK
999 _c16781
_d16781